[Event "Pan American-ch Hybrid U12 Girls 31st"]
[Site "Tornelo INT"]
[Date "2021.09.04"]
[Round "6"]
[White "Bokhonok, Tatiana dos Santos"]
[Black "Salazar Salinas, Maria Jose"]
[Result "0-1"]
[WhiteElo "1273"]
[BlackElo "1011"]
[PlyCount "46"]
[EventDate "2021.09.04"]
[EventType "swiss"]
[EventRounds "9"]
[EventCountry "NET"]
[SourceTitle "EXT 2023"]
[Source "ChessBase"]
[SourceDate "2022.10.05"]
[SourceVersion "1"]
[SourceVersionDate "2022.10.05"]
[SourceQuality "1"]

1. d4 Nf6 2. Bf4 d5 3. e3 e6 4. Nf3 c5 5. c3 Nc6 6. Nbd2 Bd6 7. Ne5 Bxe5 8. dxe5 Nh5 9. Qxh5 Ne7 10. e4 Ng6 11. Bb5+ Bd7 12. Bg5 Qc7 13. Bxd7+ Qxd7 14. f4 d4 15. Nc4 h6 16. Nd6+ Kf8 17. Bh4 Nxf4 18. Qf3 Ng6 19. Bf2 Nxe5 20. Qf4 Nd3+ 21. Kd2 Nxf4 22. Nc4 dxc3+ 23. Kxc3 Qd3# 0-1

[Event "Pan American-ch Hybrid U12 Girls 31st"]
[Site "Tornelo INT"]
[Date "2021.09.04"]
[Round "4"]
[White "Salazar Salinas, Maria Jose"]
[Black "Ramazzotte, Esther Zilli"]
[Result "1/2-1/2"]
[WhiteElo "1011"]
[BlackElo "1277"]
[PlyCount "128"]
[EventDate "2021.09.04"]
[EventType "swiss"]
[EventRounds "9"]
[EventCountry "NET"]
[SourceTitle "EXT 2023"]
[Source "ChessBase"]
[SourceDate "2022.10.05"]
[SourceVersion "1"]
[SourceVersionDate "2022.10.05"]
[SourceQuality "1"]

1. c4 Nf6 2. Nc3 e6 3. Nf3 d5 4. cxd5 exd5 5. d4 Bg4 6. g3 Nbd7 7. Bg2 c6 8. a3 Be7 9. Bf4 0-0 10. 0-0 Re8 11. Rc1 Nb6 12. Ne5 Bh5 13. Re1 Bd6 14. Nf3 Nc4 15. Bxd6 Qxd6 16. Qb3 Re7 17. Qa2 Rae8 18. b3 Nb6 19. e3 Bg6 20. Ne5 Nbd7 21. Nxg6 hxg6 22. Na4 Ne4 23. b4 Ndf6 24. Nc5 Nxc5 25. bxc5 Qd7 26. a4 b6 27. cxb6 axb6 28. Re2 Ra8 29. Qb3 c5 30. dxc5 bxc5 31. Rxc5 Rxa4 32. Rd2 Ra1+ 33. Rd1 Rxd1+ 34. Qxd1 Qd6 35. Qd4 Rd7 36. Rc8+ Rd8 37. Rxd8+ Qxd8 38. e4 Qa5 39. exd5 Qe1+ 40. Bf1 Qe4 41. Qxe4 Nxe4 42. Bd3 Nd6 43. Kg2 Kf8 44. Kf3 Ke7 45. Kf4 Kf6 46. h4 Ke7 47. g4 Kf6 48. g5+ Ke7 49. Ke5 Nb7 50. f4 Nd6 51. f5 gxf5 52. Bxf5 g6 53. Bg4 Nc4+ 54. Kd4 Nd6 55. Kc5 Ne4+ 56. Kc6 Nd6 57. h5 gxh5 58. Bxh5 Ne4 59. Kc7 Nd6 60. Bxf7 Nxf7 61. g6 Ne5 62. d6+ Kf6 63. d7 Nxd7 64. Kxd7 Kxg6 1/2-1/2